000 00791cam a22002777a 4500
003 CHAP
005 20220329142626.0
008 020528d1999 ag r 00110 spa d
010 _a85795
011 _a86767
020 _a950641288X
035 _a97307
040 _cCHAP
082 1 4 _a658.812
_bA5
100 0 0 _aAltschul, Carlos
_94713
245 1 0 _aDinámica de la negociación estratégica
_c/por Carlos Altschul
260 _aBuenos Aires, ;
_bGRANICA,
_c1999.
300 _a166 p.
590 _aBATCH-UPD
_b10
_c20130110
_lUCH01
_h0544
590 _aCONVERSION
_b10
_c20130109
_lUCH01
_h1348
650 1 4 _aNegocios.
_980696
901 _aBK
905 _aMayto Villlobos S.
942 _cLIBRO
949 _a658.812 A5
_bBC
_cLIBRO
_d33724000902375
_eLIBRO
_h102588
_i97307
_si
_t$124.00
999 _c85795
_d85795